A Caribbean Mystery
Guardado en:
| Hovedforfatter: | |
|---|---|
| Format: | Bog |
| Sprog: | Undetermined |
| Udgivet: |
Londres, Inglaterra
Fontana Books
1972
|
| Udgivelse: | 13 |
| Fag: | |
| Tags: |
Tilføj Tag
Ingen Tags, Vær først til at tagge denne postø!
|
MARC
| LEADER | 00000nam a2200000Ia 4500 | ||
|---|---|---|---|
| 008 | 170316s9999 xx 000 0 und d | ||
| 090 | |a 820 CH-3a | ||
| 100 | |a Christie, Agatha | ||
| 245 | 2 | |a A Caribbean Mystery | |
| 250 | |a 13 | ||
| 260 | |a Londres, Inglaterra | ||
| 260 | |b Fontana Books | ||
| 260 | |c 1972 | ||
| 300 | |a 158 páginas | ||
| 650 | |a LITERATURA INGLESA | ||
| 999 | |c 22210 |d 22210 | ||
| 040 | |a cru BVZT | ||
| 942 | |c 15 D |h 820 CH-3a |2 z | ||
